| 000 | 00587nam a22001817a 4500 | ||
|---|---|---|---|
| 008 | 230426b |||||||| |||| 00| 0 eng d | ||
| 020 | _a8170243378 | ||
| 040 |
_aNational Science Library _cNational Science Library |
||
| 080 |
_a502.2/6:341.123 _bN0 |
||
| 100 |
_aKhanna, Gopesh Nath _97540 |
||
| 245 | _aEnvironment problems and the United Nations | ||
| 260 |
_aNew Delhi: _bAshish Publishing House, _c1990 |
||
| 300 | _aviii, 204p. | ||
| 650 | _aPollution-Law and legislation | ||
| 653 | _aEnvironmental law | ||
| 653 | _aUnited Nations environment programme | ||
| 942 |
_2udc _cBK |
||
| 999 |
_c23743 _d23743 |
||